[Event "ARM-ch 81st"]
[Site "Yerevan"]
[Date "2021.02.17"]
[Round "2"]
[White "Babujian, Levon"]
[Black "Martirosyan, Haik M"]
[Result "0-1"]
[WhiteElo "2455"]
[BlackElo "2622"]
[PlyCount "82"]
[EventDate "2021.02.16"]
[EventType "tourn"]
[EventRounds "11"]
[EventCountry "ARM"]
[EventCategory "14"]
[SourceTitle "CBM 200 Extra"]
[Source "ChessBase"]
[SourceDate "2021.03.31"]
[SourceVersion "1"]
[SourceVersionDate "2021.03.31"]
[SourceQuality "1"]

1. e4 c5 2. Nf3 Nc6 3. Bb5 e6 4. Bxc6 bxc6 5. d3 Ne7 6. Nc3 Ng6 7. h4 h5 8. e5 Qc7 9. Qe2 f6 10. exf6 gxf6 11. Ne4 Be7 12. Be3 d5 13. Nxc5 e5 14. d4 Bg4 15. Qa6 Rb8 16. dxe5 fxe5 17. Nb3 0-0 18. 0-0-0 Nf4 19. Rhg1 e4 20. Rde1 c5 21. Ng5 Rf6 22. Qa4 Ne2+ 23. Rxe2 Bxe2 24. Qa5 Qxa5 25. Nxa5 Ra6 26. Nb3 Bc4 27. Bxc5 Bxc5 28. Nxc5 Rxa2 29. Kd2 Rbxb2 30. Rc1 Bb3 31. Ke3 Bxc2 32. g4 hxg4 33. Rg1 g3 34. Rxg3 Ra3+ 35. Kf4 Rxg3 36. fxg3 a5 37. h5 a4 38. h6 e3 39. Kxe3 a3 40. Nd7 a2 41. Nf6+ Kf8 0-1